00441 2200181 4500001002100000005001500021035002000036008004100056245004600097100002000143250000600163260003400169300001200203084001400215082000800229650001000237990001200247INLIS00000000000108820240522102539 a0010-0524000323240522 1 ind 1 aI Can't Stop Loving You /cAsri Wulandari aWulandari, Asri a1 aJakarta :bBuku Pintar,c2013 a220 hlm a813 ASR i a813 4aFiksi a0744066